Historia de América Latina /
Gespeichert in:
| 1. Verfasser: | |
|---|---|
| Format: | Unbekannt |
| Sprache: | Spanish |
| Veröffentlicht: |
Barcelona :
Bruguera,
1982.
|
| Schlagworte: | |
| Tags: |
Tag hinzufügen
Keine Tags, Fügen Sie den ersten Tag hinzu!
|
MARC
| LEADER | 000000000a22000000004500 | ||
|---|---|---|---|
| 001 | 003342 | ||
| 041 | 0 | |a spa | |
| 082 | 0 | 4 | |a 980 |b R165h2 |
| 100 | 1 | |a Rama, Carlos | |
| 245 | 1 | 0 | |a Historia de América Latina / |c Carlos Rama. |
| 260 | 1 | |a Barcelona : |b Bruguera, |c 1982. | |
| 300 | |a 299 páginas | ||
| 650 | 4 | |a AMERICA LATINA | |
| 650 | 4 | |a HISTORIA | |
| 999 | |c 9583 |d 9583 | ||
| 942 | |c BK |h 980 R165h2 |2 z | ||
